[Event "XXV Festival Conca della Presolana A"]
[Site "Bratto - Castione della Presolana ITA"]
[Date "2005.08.24"]
[Round "5"]
[White "Godena, Michele"]
[Black "Gromovs, Sergejs"]
[Result "1-0"]
[WhiteElo "2522"]
[BlackElo "2375"]
[PlyCount "107"]
[EventDate "2005.08.20"]

1. e4 c5 2. c3 g6 3. Nf3 Bg7 4. Bc4 e6 5. O-O Ne7 6. d4 cxd4 7. Nxd4 a6 8. Bg5
O-O 9. a4 b6 10. Re1 d6 11. Na3 Ra7 12. Ba2 h6 13. Bh4 g5 14. Bg3 e5 15. Ndc2
Be6 16. Ne3 Bxa2 17. Rxa2 Rd7 18. Nd5 Nbc6 19. Ra1 Nxd5 20. Qxd5 Ne7 21. Qb3
Qc7 22. Nc4 Rb8 23. Ne3 b5 24. axb5 Rxb5 25. Qa2 a5 26. Rad1 Rd8 27. Rd2 Rdb8
28. Red1 Qb7 29. Nc4 Nc8 30. f3 Bf8 31. Bf2 Qc7 32. h3 Ra8 33. Qa4 Rab8 34. Rd5
Na7 35. Kh2 Rxd5 36. Rxd5 Nc6 37. Rb5 Ra8 38. Nb6 Rb8 39. Nd5 Qd8 40. Rxb8 Nxb8
41. Bb6 Qc8 42. Qxa5 Nd7 43. b4 h5 44. Bd8 g4 45. Qc7 Qxc7 46. Bxc7 gxf3 47.
gxf3 f6 48. Nb6 Nxb6 49. Bxb6 Kf7 50. b5 Ke6 51. c4 Bh6 52. Bd8 Be3 53. Kg3 f5
54. Kh4 1-0

[Event "XXV Festival Conca della Presolana A"]
[Site "Bratto - Castione della Presolana ITA"]
[Date "2005.08.24"]
[Round "5"]
[White "Hunt, Adam C."]
[Black "Castaldo, Folco"]
[Result "1/2-1/2"]
[WhiteElo "2427"]
[BlackElo "2352"]
[PlyCount "139"]
[EventDate "2005.08.20"]

1. e4 e6 2. d4 d5 3. Nc3 Nf6 4. Bg5 dxe4 5. Nxe4 Be7 6. Bxf6 Bxf6 7. Nf3 O-O 8.
Qd2 Be7 9. Bd3 Nd7 10. O-O-O c5 11. dxc5 Qc7 12. h4 b6 13. Neg5 Nf6 14. Rhe1
Bb7 15. Ne5 h6 16. Nh3 Rad8 17. Qe2 Nd7 18. Ng6 fxg6 19. Qxe6+ Kh8 20. Qxg6 Nf6
21. Re6 Rxd3 22. Rxd3 Bxc5 23. g3 Bd5 24. Nf4 Qxf4+ 25. gxf4 Bxe6 26. a3 a5 27.
f5 Bd5 28. Qg3 Be4 29. Rd1 Rc8 30. Rd2 Bxf5 31. Qe5 Bg6 32. Qg3 Bh7 33. Re2 Rf8
34. f3 Rd8 35. Qc7 Rf8 36. Qb7 Bg6 37. b4 axb4 38. axb4 Bxb4 39. Qxb6 Ba3+ 40.
Kd1 Kh7 41. Qa5 Bd6 42. Re6 Bf4 43. Qb4 Rd8+ 44. Ke1 Nd5 45. Qd4 Bxc2 46. Re7
Nxe7 47. Qxd8 Ng8 48. Qc8 Bg6 49. Qg4 Be5 50. h5 Bb1 51. Qb4 Bf5 52. Qc5 Bg3+
53. Ke2 Bd7 54. Kf1 Nf6 55. Kg2 Bf4 56. Qd4 Bc7 57. Qc4 Bd8 58. Qd4 Be7 59. Qe5
Bf8 60. Qb8 Be8 61. Qb1+ Kg8 62. Qb3+ Bf7 63. Qb5 Nxh5 64. Kf2 Nf4 65. Qf5 g5
66. Qc8 Kg7 67. Qc3+ Kg8 68. Qc8 Be6 69. Qd8 Bf7 70. Qc8 1/2-1/2

[Event "XXV Festival Conca della Presolana A"]
[Site "Bratto - Castione della Presolana ITA"]
[Date "2005.08.24"]
[Round "5"]
[White "Iordachescu, Viorel"]
[Black "Contin, Daniel"]
[Result "1/2-1/2"]
[WhiteElo "2606"]
[BlackElo "2393"]
[PlyCount "39"]
[EventDate "2005.08.20"]

1. e4 e6 2. d4 d5 3. Nc3 Bb4 4. e5 c5 5. a3 Bxc3+ 6. bxc3 Ne7 7. Nf3 Bd7 8. a4
Qa5 9. Bd2 Nbc6 10. Be2 f6 11. O-O O-O-O 12. Re1 fxe5 13. Nxe5 Nxe5 14. dxe5 h6
15. Bd3 c4 16. Bf1 g5 17. Qc1 Nf5 18. g3 Rhf8 19. Bg2 Rf7 20. Re2 1/2-1/2

[Event "XXV Festival Conca della Presolana A"]
[Site "Bratto - Castione della Presolana ITA"]
[Date "2005.08.24"]
[Round "5"]
[White "Lalic, Bogdan"]
[Black "Drasko, Milan"]
[Result "1/2-1/2"]
[WhiteElo "2491"]
[BlackElo "2516"]
[PlyCount "30"]
[EventDate "2005.08.20"]

1. d4 e6 2. Nf3 Nf6 3. c4 Bb4+ 4. Bd2 c5 5. Bxb4 cxb4 6. g3 O-O 7. Bg2 d6 8.
Nbd2 Nc6 9. Nf1 Ne7 10. Ne3 b6 11. O-O Bb7 12. Qb3 a5 13. a3 bxa3 14. bxa3 d5
15. c5 Ba6 1/2-1/2

[Event "XXV Festival Conca della Presolana A"]
[Site "Bratto - Castione della Presolana ITA"]
[Date "2005.08.24"]
[Round "5"]
[White "Lanzani, Mario"]
[Black "De Santis, Alessio"]
[Result "1/2-1/2"]
[WhiteElo "2356"]
[BlackElo "2251"]
[PlyCount "88"]
[EventDate "2005.08.20"]

1. e4 e6 2. d4 d5 3. Nc3 Nf6 4. Bg5 Be7 5. e5 Nfd7 6. Bxe7 Qxe7 7. f4 O-O 8.
Nf3 c5 9. Bd3 f5 10. exf6 Qxf6 11. O-O Qxf4 12. Qe2 Nf6 13. dxc5 Nc6 14. Rae1
Bd7 15. a3 Rae8 16. Bb5 Ng4 17. g3 Qh6 18. Bxc6 Bxc6 19. Nd4 Rxf1+ 20. Rxf1 Ne3
21. Re1 Nf5 22. Nxc6 bxc6 23. Qd3 Qf6 24. Rf1 Qd4+ 25. Qxd4 Nxd4 26. Rf2 e5 27.
Nd1 e4 28. Ne3 a5 29. b4 axb4 30. axb4 Nf3+ 31. Kg2 d4 32. Nc4 e3 33. Re2 Ne5
34. Nxe5 Rxe5 35. Kf3 g5 36. g4 Re7 37. c3 dxc3 38. Rxe3 Rb7 39. Rxc3 Rxb4 40.
Rd3 Rc4 41. Rd8+ Kf7 42. Rd7+ Kg8 43. Rd8+ Kf7 44. Rd7+ Kg8 1/2-1/2

[Event "XXV Festival Conca della Presolana A"]
[Site "Bratto - Castione della Presolana ITA"]
[Date "2005.08.24"]
[Round "5"]
[White "Magrini, Fabrizio"]
[Black "Dvirnyy, Danyyil"]
[Result "1-0"]
[WhiteElo "1996"]
[BlackElo "2141"]
[PlyCount "73"]
[EventDate "2005.08.20"]

1. e4 c5 2. Nf3 Nc6 3. d4 cxd4 4. Nxd4 Nf6 5. Nc3 e5 6. Ndb5 h6 7. Nd5 Nxd5 8.
exd5 a6 9. Nc3 Nd4 10. Bc4 b5 11. Bb3 d6 12. Be3 Nf5 13. Bd2 Be7 14. O-O O-O
15. a4 b4 16. Ne4 a5 17. Kh1 Ba6 18. Re1 Nd4 19. c3 bxc3 20. Bxc3 Nxb3 21. Qxb3
Rb8 22. Qc2 f5 23. Nd2 Qb6 24. Nf3 g6 25. Qd2 Kh7 26. Nxe5 dxe5 27. Rxe5 Bb4
28. Re6 Qa7 29. Rae1 Rf7 30. Rxg6 Bf8 31. Ree6 Bg7 32. Qxh6+ Kg8 33. Rxa6 Qe7
34. Rae6 Qd7 35. Bxg7 Rxg7 36. Rxg7+ Qxg7 37. Rg6 1-0

[Event "XXV Festival Conca della Presolana A"]
[Site "Bratto - Castione della Presolana ITA"]
[Date "2005.08.24"]
[Round "5"]
[White "Maiorov, Nikita"]
[Black "Vezzosi, Paolo"]
[Result "1-0"]
[WhiteElo "2453"]
[BlackElo "2380"]
[PlyCount "127"]
[EventDate "2005.08.20"]

1. d4 d6 2. Nf3 Bg4 3. c4 Nd7 4. g3 Bxf3 5. exf3 g6 6. Nc3 Bg7 7. Be3 Ngf6 8.
Be2 O-O 9. Kf1 c6 10. d5 cxd5 11. cxd5 Qa5 12. Rb1 Rfc8 13. f4 a6 14. a3 b5 15.
Na2 Nb6 16. Nb4 Nc4 17. Nc6 Nxe3+ 18. fxe3 Qc7 19. Bf3 Kf8 20. Kg2 Qb6 21. Qd2
Rc7 22. Rhc1 Re8 23. Rc2 e6 24. dxe6 Rxe6 25. Nd4 Ree7 26. Rbc1 Rxc2 27. Rxc2
Rc7 28. Nc6 Rd7 29. b3 h5 30. h3 Ne8 31. Nb4 Rc7 32. Bc6 Rc8 33. Nd5 Qd8 34.
Bb7 Rxc2 35. Qxc2 Nf6 36. Qc7 Qxc7 37. Nxc7 Ne8 38. Nxe8 Kxe8 39. Bxa6 b4 40.
axb4 Bc3 41. b5 Ba5 42. Bb7 Ke7 43. Bd5 Bb6 44. Kf3 Bc5 45. Ke4 Bb6 46. Bc4 Bc5
47. h4 f5+ 48. Kf3 Bb6 49. Bd5 Kf6 50. Bc6 Ke7 51. e4 Kf6 52. Be8 fxe4+ 53.
Kxe4 d5+ 54. Kxd5 Bf2 55. Kc6 Bxg3 56. b6 Bxf4 57. b7 g5 58. hxg5+ Kxg5 59. Kd7
h4 60. Kc8 Kf6 61. b4 Ke6 62. b8=Q Bxb8 63. Kxb8 Kd6 64. Kb7 1-0

[Event "XXV Festival Conca della Presolana A"]
[Site "Bratto - Castione della Presolana ITA"]
[Date "2005.08.24"]
[Round "5"]
[White "Manzoni, Alessandro"]
[Black "Defend, Guerrino"]
[Result "1-0"]
[WhiteElo "2086"]
[BlackElo "2000"]
[PlyCount "101"]
[EventDate "2005.08.20"]

1. e4 g6 2. Nc3 Bg7 3. g3 d6 4. Bg2 Nc6 5. Nge2 e5 6. O-O Nge7 7. d3 O-O 8. Bg5
f6 9. Be3 Kh8 10. Qd2 Rb8 11. h3 b6 12. f4 exf4 13. Nxf4 Ne5 14. Nb5 N7c6 15.
b3 a6 16. Nc3 Ne7 17. d4 Nf7 18. g4 Bd7 19. Rad1 Nc6 20. Ncd5 Re8 21. c4 Ng5
22. Nc3 Bc8 23. Nd3 Nf7 24. e5 f5 25. Bxc6 Re7 26. Nd5 Re6 27. N3f4 fxg4 28.
Qf2 Ng5 29. Nxe6 Nxh3+ 30. Kg2 Bxe6 31. Qg3 h6 32. Nf4 Bf5 33. e6 Bf8 34. Rde1
Be7 35. Nxg6+ Bxg6 36. Bxh6 Qg8 37. Re3 Qh7 38. Bf4 Rg8 39. Ree1 Bf5 40. Be5+
dxe5 41. Qxe5+ Rg7 42. Rxf5 Bd6 43. Qe4 Qh4 44. Re3 Ng5 45. Rxg5 Qh2+ 46. Kf1
Rxg5 47. e7 Bxe7 48. Qxe7 g3 49. Qf8+ Kh7 50. Re7+ Kg6 51. Be8# 1-0

[Event "XXV Festival Conca della Presolana A"]
[Site "Bratto - Castione della Presolana ITA"]
[Date "2005.08.24"]
[Round "5"]
[White "Marzano, Carlo"]
[Black "Ticozzi, Stefano"]
[Result "1-0"]
[WhiteElo "2201"]
[BlackElo "2088"]
[PlyCount "73"]
[EventDate "2005.08.20"]

1. d4 d5 2. c4 c6 3. Nc3 Nf6 4. Nf3 e6 5. e3 Nbd7 6. Qc2 Bd6 7. Bd3 dxc4 8.
Bxc4 O-O 9. O-O a6 10. Rd1 Qe7 11. e4 e5 12. g3 h6 13. Nh4 Nb6 14. Ng6 Qc7 15.
dxe5 Bxe5 16. Nxe5 Qxe5 17. Bf1 Bg4 18. Re1 Bf3 19. Qb3 Nfd7 20. Na4 Nxa4 21.
Qxf3 Nac5 22. Rb1 Ne6 23. b4 Nd4 24. Qd3 Qf6 25. f4 c5 26. e5 Qf5 27. Qxf5 Nxf5
28. Bg2 Rab8 29. Rd1 Rfd8 30. Bh3 Nd4 31. Kf2 b6 32. Bxd7 Rxd7 33. bxc5 Rbd8
34. cxb6 Nc6 35. Rxd7 Rxd7 36. Be3 Na5 37. Rc1 1-0

[Event "XXV Festival Conca della Presolana A"]
[Site "Bratto - Castione della Presolana ITA"]
[Date "2005.08.24"]
[Round "5"]
[White "Mazzilli, Piero"]
[Black "Ricci, Marco"]
[Result "1-0"]
[WhiteElo "2341"]
[BlackElo "2147"]
[PlyCount "89"]
[EventDate "2005.08.20"]

1. e4 e6 2. d4 d5 3. Nc3 Nf6 4. e5 Nfd7 5. Nf3 c5 6. dxc5 Nc6 7. Bf4 Bxc5 8.
Bd3 f6 9. exf6 Nxf6 10. O-O O-O 11. Ne5 Ne4 12. Bxe4 Rxf4 13. Nd3 Rxe4 14. Nxe4
Bb6 15. Ng3 e5 16. Kh1 Qf6 17. c3 g5 18. Nc5 Qf7 19. b4 h6 20. Na4 Bc7 21. Qh5
Qxh5 22. Nxh5 Kf7 23. Ng3 b6 24. Rad1 Ne7 25. Nb2 Bb7 26. c4 Rd8 27. cxd5 Bxd5
28. a3 Ng6 29. Nf5 Nf4 30. Ne3 Bb7 31. Rxd8 Bxd8 32. Rd1 Ke8 33. Nbc4 Be7 34.
Nxe5 a5 35. bxa5 bxa5 36. Rd7 Be4 37. f3 Bb1 38. Rb7 Ba2 39. a4 Bb4 40. Nc6 Bd2
41. Rb2 Bxe3 42. Rxa2 Bb6 43. Rb2 Bc7 44. Rb5 Ne2 45. Nxa5 1-0

[Event "XXV Festival Conca della Presolana A"]
[Site "Bratto - Castione della Presolana ITA"]
[Date "2005.08.24"]
[Round "5"]
[White "Miatello, Alberto"]
[Black "Paolinelli, Giacomo"]
[Result "1-0"]
[WhiteElo "2095"]
[BlackElo "2042"]
[PlyCount "53"]
[EventDate "2005.08.20"]

1. e4 e5 2. Nf3 Nf6 3. Nxe5 d6 4. Nc4 Nxe4 5. d4 d5 6. Ne3 Be7 7. Nd2 Nxd2 8.
Bxd2 Be6 9. Bd3 Nd7 10. f4 Nb6 11. f5 Bd7 12. Qf3 Bc6 13. b3 Bf6 14. c3 Qd7 15.
a4 a5 16. O-O O-O 17. Ng4 Qd8 18. Nxf6+ Qxf6 19. Qg3 h6 20. Bf4 Nd7 21. h4 Rac8
22. Be5 Nxe5 23. dxe5 Qe7 24. f6 Qc5+ 25. Kh1 g6 26. Bxg6 Kh8 27. Qf4 1-0

[Event "XXV Festival Conca della Presolana A"]
[Site "Bratto - Castione della Presolana ITA"]
[Date "2005.08.24"]
[Round "5"]
[White "Mihalj, Miroslav M."]
[Black "Xia, Jie"]
[Result "1-0"]
[WhiteElo "2298"]
[BlackElo "2121"]
[PlyCount "67"]
[EventDate "2005.08.20"]

1. Nf3 Nf6 2. b4 g6 3. Bb2 Bg7 4. e3 O-O 5. c4 d6 6. d3 c5 7. a3 Na6 8. Qb3 b6
9. Be2 Bb7 10. O-O d5 11. Nc3 cxb4 12. axb4 Qd6 13. Ra4 dxc4 14. dxc4 Ng4 15.
Rd1 Qf6 16. Ra2 Qe6 17. Nd5 Rfe8 18. Bxg7 Kxg7 19. Qb2+ Kg8 20. b5 Nc5 21. h3
Nf6 22. Nc7 Qf5 23. Nxe8 Nxe8 24. Qe5 Nd6 25. Qxf5 gxf5 26. Nd4 e6 27. f3 e5
28. Nc6 Nc8 29. Rd8+ Kg7 30. Nxe5 Kf6 31. Nd7+ Ke7 32. Nxc5 Kxd8 33. Rd2+ Ke7
34. Nxb7 1-0

[Event "XXV Festival Conca della Presolana A"]
[Site "Bratto - Castione della Presolana ITA"]
[Date "2005.08.24"]
[Round "5"]
[White "Moncelli, Giorgio"]
[Black "Guido, Flavio"]
[Result "0-1"]
[WhiteElo "2149"]
[BlackElo "2305"]
[PlyCount "50"]
[EventDate "2005.08.20"]

1. d4 Nf6 2. c4 e6 3. g3 d5 4. Bg2 Bb4+ 5. Bd2 Be7 6. Nf3 O-O 7. O-O b6 8. Nc3
Bb7 9. Ne5 Na6 10. Bg5 c5 11. cxd5 exd5 12. Rc1 h6 13. Bf4 Re8 14. Nb5 Ne4 15.
Bh3 Bf6 16. Ng4 Bg5 17. Bxg5 Nxg5 18. Bg2 Qd7 19. a4 Qxg4 20. Nd6 Qd7 21. Nxe8
Rxe8 22. h4 Ne4 23. dxc5 Naxc5 24. b3 d4 25. Rc4 Nc3 0-1

[Event "XXV Festival Conca della Presolana A"]
[Site "Bratto - Castione della Presolana ITA"]
[Date "2005.08.24"]
[Round "5"]
[White "Mosconi, Ariel Oscar"]
[Black "Pace, Pietro Dario"]
[Result "0-1"]
[WhiteElo "2102"]
[BlackElo "2198"]
[PlyCount "72"]
[EventDate "2005.08.20"]

1. e4 c5 2. c3 Nf6 3. e5 Nd5 4. d4 cxd4 5. cxd4 Nc6 6. Nc3 Nxc3 7. bxc3 d6 8.
Nf3 e6 9. exd6 Bxd6 10. Bd3 h6 11. O-O Bd7 12. Re1 O-O 13. Rb1 b6 14. Rb2 Rc8
15. Rbe2 Rc7 16. Bb1 Ne7 17. Qd3 Ng6 18. Ne5 Bxe5 19. Rxe5 Bc6 20. Rh5 Bd5 21.
Qg3 Kh7 22. Bd2 f5 23. Qh3 Qf6 24. Re2 Kg8 25. Qg3 Rd7 26. f3 Qf7 27. Rh3 Bc4
28. Re1 Kh7 29. f4 b5 30. Bc1 Qe7 31. Qf2 Qd6 32. Rh5 Rf6 33. Re5 b4 34. Rc5
Ba6 35. Rh3 Qxc5 36. Bd3 Qc6 0-1

[Event "XXV Festival Conca della Presolana A"]
[Site "Bratto - Castione della Presolana ITA"]
[Date "2005.08.24"]
[Round "5"]
[White "Nardelli, Marco"]
[Black "Raselli, Claudio"]
[Result "1-0"]
[WhiteElo "2108"]
[BlackElo "2063"]
[PlyCount "91"]
[EventDate "2005.08.20"]

1. e4 c5 2. Nf3 d6 3. d4 cxd4 4. Nxd4 Nf6 5. Nc3 a6 6. Be3 e5 7. Nb3 Be7 8. f3
Be6 9. Qd2 Nbd7 10. g4 Nc5 11. O-O-O Nxb3+ 12. cxb3 Rc8 13. Kb1 Qa5 14. h4 Nd7
15. g5 Nc5 16. Bc4 Bxc4 17. bxc4 Na4 18. Nd5 Qxd2 19. Rxd2 Rxc4 20. b3 Nc3+ 21.
Kc2 Nxd5+ 22. bxc4 Nxe3+ 23. Kd3 Nxc4 24. Kxc4 Kd7 25. Kb3 Rc8 26. Rc2 Rxc2 27.
Kxc2 Bd8 28. a4 Bb6 29. Kb3 Bc5 30. Kc4 Kc6 31. a5 Be3 32. Rh2 Bf4 33. Rb2 Be3
34. Kd3 Bd4 35. Rb1 Bc5 36. h5 Bd4 37. f4 Bc5 38. f5 g6 39. fxg6 fxg6 40. Rf1
Bb4 41. Rf6 Bxa5 42. Rxg6 Bd8 43. Rg8 Be7 44. Rg7 Bd8 45. h6 b5 46. g6 1-0

[Event "XXV Festival Conca della Presolana A"]
[Site "Bratto - Castione della Presolana ITA"]
[Date "2005.08.24"]
[Round "5"]
[White "Piantoni, Roberto"]
[Black "Osuna Munoz, Xavier"]
[Result "1/2-1/2"]
[WhiteElo "2186"]
[BlackElo "2092"]
[PlyCount "81"]
[EventDate "2005.08.20"]

1. Nf3 Nf6 2. d4 d5 3. c4 c6 4. cxd5 cxd5 5. Nc3 Nc6 6. Bf4 a6 7. e3 e6 8. Rc1
Be7 9. Bd3 O-O 10. Ne5 Nxe5 11. Bxe5 Nd7 12. Bg3 f5 13. O-O Nf6 14. Na4 Bd6 15.
Bxd6 Qxd6 16. Qc2 Bd7 17. Qc5 Qxc5 18. Nxc5 Rab8 19. Rc3 Kf7 20. Rfc1 Ke7 21.
Rb3 Rfc8 22. Rcc3 Bc6 23. g3 Kd6 24. Kg2 Nd7 25. Nxd7 Kxd7 26. h4 g6 27. Kf3 e5
28. Kg2 Ke6 29. Rb6 Ra8 30. a4 Kd6 31. a5 Rc7 32. Be2 Rac8 33. Bf3 Re8 34.
dxe5+ Rxe5 35. Rd3 Rd7 36. Rd4 h5 37. Bd1 Re4 38. Rd2 Kc7 39. Bf3 Ra4 40. b4
Ra1 41. Rd4 1/2-1/2

[Event "XXV Festival Conca della Presolana A"]
[Site "Bratto - Castione della Presolana ITA"]
[Date "2005.08.24"]
[Round "5"]
[White "Pieri, Enzo"]
[Black "Cereda, Loris"]
[Result "0-1"]
[WhiteElo "1959"]
[BlackElo "2059"]
[PlyCount "58"]
[EventDate "2005.08.20"]

1. e4 e5 2. Nf3 Nc6 3. Bb5 a6 4. Ba4 Nf6 5. O-O Be7 6. Re1 b5 7. Bb3 d6 8. c3
O-O 9. d4 Bg4 10. d5 Na5 11. Bc2 c6 12. a4 cxd5 13. exd5 Nc4 14. Bg5 Nxb2 15.
Qc1 Nc4 16. Nfd2 Nxd5 17. Bxe7 Nxe7 18. Nxc4 bxc4 19. Re4 Be6 20. Rh4 f5 21.
Qd1 Ng6 22. Rh3 Nf4 23. Rf3 Qc7 24. Nd2 Bd5 25. Rg3 Qc6 26. Nf3 Be4 27. Ng5
Bxc2 28. Qxc2 h6 29. Nf3 Qe4 0-1

[Event "XXV Festival Conca della Presolana A"]
[Site "Bratto - Castione della Presolana ITA"]
[Date "2005.08.24"]
[Round "5"]
[White "Podini, Francesco"]
[Black "Cazzaniga, Walter"]
[Result "1-0"]
[WhiteElo "2062"]
[BlackElo "2123"]
[PlyCount "39"]
[EventDate "2005.08.20"]

1. e4 Nf6 2. e5 Nd5 3. c4 Nb6 4. d4 d6 5. exd6 cxd6 6. Nc3 g6 7. Be3 Bg7 8. Rc1
O-O 9. b3 Bf5 10. Be2 d5 11. c5 Nc8 12. Bf3 Be6 13. Nge2 Nc6 14. Nf4 Rb8 15.
Nfxd5 Bxd5 16. Bxd5 e6 17. Bxc6 bxc6 18. O-O Rb4 19. Ne2 Qa5 20. Bd2 1-0

[Event "XXV Festival Conca della Presolana A"]
[Site "Bratto - Castione della Presolana ITA"]
[Date "2005.08.24"]
[Round "5"]
[White "Pulvirenti, Gianni"]
[Black "Mazzariol, Oscar"]
[Result "1-0"]
[WhiteElo "1965"]
[BlackElo "2078"]
[PlyCount "103"]
[EventDate "2005.08.20"]

1. d4 Nf6 2. Nf3 g6 3. Bf4 Bg7 4. Nbd2 c5 5. e3 cxd4 6. exd4 Nc6 7. c3 d6 8.
Bc4 O-O 9. O-O Na5 10. Be2 Qb6 11. b4 Nc6 12. Bc4 Qc7 13. Re1 Nh5 14. Be3 e5
15. Qb3 a6 16. a4 Rb8 17. a5 exd4 18. cxd4 b5 19. Bd3 Qd7 20. Rac1 Bb7 21. Ne4
Ne7 22. Bg5 Nd5 23. Rc2 h6 24. Bh4 Kh8 25. Bg3 Ndf4 26. Bf1 Bd5 27. Qb1 Rfe8
28. Ned2 Ne6 29. Rec1 Re7 30. Qb2 Rd8 31. Nb3 Bxf3 32. gxf3 Qa7 33. Rc8 Ree8
34. Rxd8 Rxd8 35. Qd2 f5 36. f4 Nf6 37. f3 Nd5 38. Kg2 Kh7 39. Be2 Re8 40. Kf1
Qe7 41. Rc6 Nxd4 42. Nxd4 Bxd4 43. Qxd4 Qxe2+ 44. Kg1 Qa2 45. Bf2 Re7 46. Rxd6
Qb1+ 47. Kg2 Nxb4 48. Rd7 Nc6 49. Rxe7+ Nxe7 50. Qf6 Qb4 51. Bd4 Qd2+ 52. Kh3
1-0

[Event "XXV Festival Conca della Presolana A"]
[Site "Bratto - Castione della Presolana ITA"]
[Date "2005.08.24"]
[Round "5"]
[White "Ranieri, Fabrizio"]
[Black "Qendro, Llambi"]
[Result "0-1"]
[WhiteElo "2204"]
[BlackElo "2357"]
[PlyCount "56"]
[EventDate "2005.08.20"]

1. e4 g6 2. d4 Bg7 3. Nc3 c6 4. Be3 d5 5. e5 f6 6. Nf3 Bg4 7. exf6 Nxf6 8. Be2
Bxf3 9. Bxf3 Nbd7 10. Qd2 e5 11. Bh6 O-O 12. Bxg7 Kxg7 13. O-O-O Qb6 14. h4
Qxd4 15. Qxd4 exd4 16. Rxd4 Ne5 17. Bd1 Rad8 18. b3 c5 19. Rf4 b6 20. Bf3 d4
21. Nb5 Nfd7 22. Rxf8 Rxf8 23. Bb7 Rxf2 24. Nxa7 d3 25. Rd1 Rxc2+ 26. Kb1 c4
27. Bd5 c3 28. Nb5 Rb2+ 0-1

[Event "XXV Festival Conca della Presolana A"]
[Site "Bratto - Castione della Presolana ITA"]
[Date "2005.08.24"]
[Round "5"]
[White "Rendle, Thomas E."]
[Black "Sautto, Daniele"]
[Result "1-0"]
[WhiteElo "2358"]
[BlackElo "2136"]
[PlyCount "53"]
[EventDate "2005.08.20"]

1. e4 d5 2. exd5 Qxd5 3. Nc3 Qd6 4. d4 c6 5. Nf3 Bf5 6. Bc4 e6 7. Ne5 Nd7 8.
Bf4 Nxe5 9. Bxe5 Qd8 10. O-O Nf6 11. Ne2 Bd6 12. Ng3 Bg6 13. f4 O-O 14. f5 exf5
15. Nxf5 Bxf5 16. Rxf5 Bxe5 17. dxe5 Qxd1+ 18. Rxd1 Ng4 19. Rd7 Nh6 20. Rf4 b5
21. Bb3 a5 22. e6 fxe6 23. Bxe6+ Kh8 24. Rxf8+ Rxf8 25. Rc7 g6 26. g4 Rf4 27.
g5 1-0

[Event "XXV Festival Conca della Presolana A"]
[Site "Bratto - Castione della Presolana ITA"]
[Date "2005.08.24"]
[Round "5"]
[White "Sanchez, Joseph"]
[Black "Mantovani, Renzo"]
[Result "1-0"]
[WhiteElo "2452"]
[BlackElo "2371"]
[PlyCount "45"]
[EventDate "2005.08.20"]

1. e4 c5 2. Nf3 d6 3. d4 cxd4 4. Nxd4 Nf6 5. Nc3 Nc6 6. Bg5 e6 7. Qd2 Nxd4 8.
Qxd4 Be7 9. O-O-O O-O 10. f4 Qa5 11. Bc4 Bd7 12. Rd3 Rfd8 13. Rg3 Kf8 14. e5
dxe5 15. fxe5 Ng8 16. Rf1 Bxg5+ 17. Rxg5 Nh6 18. Qf4 Qb4 19. Rh5 Be8 20. Rxh6
gxh6 21. Qxh6+ Ke7 22. Bxe6 Qb6 23. Rxf7+ 1-0

[Event "XXV Festival Conca della Presolana A"]
[Site "Bratto - Castione della Presolana ITA"]
[Date "2005.08.24"]
[Round "5"]
[White "Sax, Gyula"]
[Black "Vancini, Edoardo"]
[Result "1/2-1/2"]
[WhiteElo "2568"]
[BlackElo "2282"]
[PlyCount "31"]
[EventDate "2005.08.20"]

1. e4 g6 2. d4 Bg7 3. Nc3 c6 4. Bc4 d6 5. Qf3 e6 6. Nge2 b5 7. Bb3 a5 8. a3 d5
9. O-O Ne7 10. Bg5 O-O 11. Bf6 Bxf6 12. Qxf6 Ba6 13. Rfe1 b4 14. Na4 dxe4 15.
Qe5 Nf5 16. Rad1 1/2-1/2

[Event "XXV Festival Conca della Presolana A"]
[Site "Bratto - Castione della Presolana ITA"]
[Date "2005.08.24"]
[Round "5"]
[White "Scotti, Umberto"]
[Black "Salvador, Roland"]
[Result "0-1"]
[WhiteElo "2158"]
[BlackElo "2416"]
[PlyCount "74"]
[EventDate "2005.08.20"]

1. d4 d5 2. Nf3 a6 3. Bf4 Bg4 4. Ne5 Bh5 5. g4 Bg6 6. h4 f6 7. Nxg6 hxg6 8. Qd3
g5 9. Qg6+ Kd7 10. Bg3 e6 11. Nc3 b5 12. Bg2 Ne7 13. Qd3 gxh4 14. Rxh4 Rxh4 15.
Bxh4 c6 16. O-O-O Qa5 17. a3 b4 18. axb4 Qxb4 19. e4 Ra7 20. exd5 cxd5 21. f4
Rb7 22. b3 Rc7 23. Na4 Nec6 24. f5 Qa3+ 25. Kd2 Nb4 26. fxe6+ Kd8 27. Qf3 Rxc2+
28. Ke1 Rxg2 29. Qxg2 Qxb3 30. Nc5 Nc2+ 31. Kd2 Bxc5 32. dxc5 Ne3 33. Qg3 Qxd1+
34. Kxe3 Qb3+ 35. Kd2 Qxg3 36. Bxg3 Nc6 37. Bd6 Nd4 0-1

[Event "XXV Festival Conca della Presolana A"]
[Site "Bratto - Castione della Presolana ITA"]
[Date "2005.08.24"]
[Round "5"]
[White "Sedina, Elena"]
[Black "Brancaleoni, Maurizio"]
[Result "1/2-1/2"]
[WhiteElo "2402"]
[BlackElo "2314"]
[PlyCount "44"]
[EventDate "2005.08.20"]

1. e4 d6 2. d4 Nf6 3. Nc3 Nbd7 4. Nf3 e5 5. Bc4 Be7 6. O-O O-O 7. Re1 c6 8. a4
b6 9. Ba2 a6 10. Be3 Rb8 11. Nh4 b5 12. axb5 axb5 13. Nf5 b4 14. Nb1 c5 15.
dxe5 Nxe5 16. Nxe7+ Qxe7 17. Nd2 Be6 18. Qe2 Ra8 19. Bxe6 Qxe6 20. Ra6 Qd7 21.
h3 Rxa6 22. Qxa6 Re8 1/2-1/2

[Event "XXV Festival Conca della Presolana A"]
[Site "Bratto - Castione della Presolana ITA"]
[Date "2005.08.24"]
[Round "5"]
[White "Shytaj, Carlo"]
[Black "Mogranzini, Roberto"]
[Result "1/2-1/2"]
[WhiteElo "2212"]
[BlackElo "2363"]
[PlyCount "81"]
[EventDate "2005.08.20"]

1. e4 c5 2. b3 b6 3. g3 Bb7 4. Bg2 Nf6 5. d3 e5 6. c4 Be7 7. Nc3 O-O 8. Nge2
Nc6 9. O-O Ne8 10. f4 d6 11. f5 Nd4 12. Be3 a6 13. a3 b5 14. b4 bxc4 15. dxc4
Rb8 16. Qd3 Bg5 17. Bxg5 Qxg5 18. b5 Nf6 19. a4 Ng4 20. Nd1 axb5 21. cxb5 c4
22. Qxc4 Ne3 23. Qd3 Nxe2+ 24. Qxe2 Nxf1 25. Kxf1 Rfc8 26. Ne3 Rc3 27. Kf2 Rbc8
28. Ra2 Qd8 29. a5 Rb3 30. b6 Ra8 31. Qc4 Rb1 32. Nd5 Bxd5 33. Qxd5 Rc8 34. Bf1
Rc5 35. Qd2 h5 36. Bd3 Rb3 37. Bc2 Rbb5 38. Bd3 Rb3 39. Bc2 Rbb5 40. Bd3 Rb3
41. Bc2 1/2-1/2

[Event "XXV Festival Conca della Presolana A"]
[Site "Bratto - Castione della Presolana ITA"]
[Date "2005.08.24"]
[Round "5"]
[White "Simonini, Roberto"]
[Black "Giretti Kanev, Jasen"]
[Result "0-1"]
[WhiteElo "2065"]
[BlackElo "2183"]
[PlyCount "114"]
[EventDate "2005.08.20"]

1. e4 c6 2. d4 d5 3. Nc3 dxe4 4. Nxe4 Nf6 5. Nxf6+ gxf6 6. Nf3 Bg4 7. Be2 e6 8.
c3 Bd6 9. Be3 Nd7 10. Nd2 Bf5 11. Nc4 Nb6 12. Nxd6+ Qxd6 13. Bd3 Qd5 14. Bxf5
Qxf5 15. Qf3 Qxf3 16. gxf3 O-O-O 17. O-O-O Rhg8 18. Rhg1 Rg6 19. Rg3 Rd5 20. b3
Rh5 21. Rh1 Nd5 22. Kd2 Ne7 23. Ke2 a6 24. a3 Kd7 25. Kd3 Nf5 26. Rg4 Rh3 27.
Ke2 Nd6 28. Rg3 Rh4 29. Kd3 Nf5 30. Rxg6 hxg6 31. h3 Rh5 32. a4 Nh4 33. f4 Nf5
34. b4 b5 35. axb5 axb5 36. Rg1 Nd6 37. Rh1 Kc7 38. Rh2 Rh4 39. Rh1 Nc4 40. Ra1
Nb2+ 41. Kc2 Na4 42. Rh1 Kd6 43. Kd3 Kd5 44. Bc1 Nb6 45. Be3 Nc4 46. Bc1 Nd6
47. f3 Nf5 48. Bd2 Ng3 49. Be1 Rxf4 50. Ke3 Nh5 51. Rh2 e5 52. dxe5 fxe5 53.
Rd2+ Ke6 54. Rd8 Rc4 55. Re8+ Kf5 56. Re7 f6 57. h4 Nf4 0-1